| 000 | 00899nas a2200277 4500 | ||
|---|---|---|---|
| 001 | BR2013001069 | ||
| 003 | BR-BrBNA | ||
| 005 | 20231205121918.0 | ||
| 007 | ta | ||
| 008 | 230509b bl.|||p| |||| 00| 00por d | ||
| 040 |
_aBR-BrBNA _bpor _cBiblioteca Nacional de Agricultura |
||
| 041 | _a(Pt) | ||
| 072 | _aE14; E50 | ||
| 100 | 1 | _aCosta, T.V. da | |
| 100 | 1 | _aTarsitano, M.A.A. | |
| 100 | 1 | _aConceição, M.A.F. | |
| 245 | 1 | _aCaracterização social e tecnológica da produção de uvas para mesa em pequenas propriedades rurais da região de Jales-SP | |
| 650 | _aUVA | ||
| 650 | _aSOCIOLOGIA RURAL | ||
| 650 | _aIRRIGAÇÃO | ||
| 650 | _aDESENVOLVIMENTO RURAL | ||
| 650 | _aVITICULTURA | ||
| 773 | 0 |
_tRevista Brasileira de Fruticultura (Brazil) _xISSN 0100 2945 _g(Sep 2012), v. 34(3) p. 766-773 _wBR2013001069 |
|
| 909 |
_a202311 _bLúcia _c55 _dLúcia Elande |
||
| 942 |
_2AGRIS _n0 _cANA |
||
| 999 |
_c225905 _d225905 |
||